000 00659nam a2200217Ii 4500
003 JO-AjNU
008 230606s9999||||xx |||||||||||||| ||und||
020 _a66-27171
040 _aJO-AjNU
_beng
_erda
_cJO-AjNU
041 _aeng
050 1 4 _aPA27.V4 1967
100 3 _aLitt. D , A. W Verrall ؛ Edited M.A Bayfled , J. D .Duff, M. A,
_eauthor
_95499
245 0 0 _aCollected Studies in Greek and Latin Scholarship
250 _a1 ed
264 3 1 _aNew-York : Russell , 1967
300 _a372p
336 _atext
_btxt
_2rdacontent
337 _aunmediated
_bn
_2rdamedia
338 _avolume
_bnc
_2rdacarrier
650 4 _aStudies -Greek-latin
_95500
999 _aE2843
_c2841
_d2841